| 000 | 00949cab a2200217 4500 | ||
|---|---|---|---|
| 001 | ##L135175 | ||
| 008 | 061003n2006 000 0 eng u | ||
| 035 | _a(Sirsi) u135175 | ||
| 041 | 0 | _aeng | |
| 100 | 1 | _aKing, Vivien | |
| 245 | 0 | 0 | _aPremises must be fully accessible |
| 260 | _c2006 | ||
| 490 | 0 |
_aEstates Gazette _v(0639) 30 September 2006, 176-178(3) |
|
| 520 | _aMost sections of the Disability Discrimination Act 2005 will come into force on 4 December. Examines common misconceptions about the earlier Disability Discrimination Act 1995, looks at the requirements of the 2005 Act, and calls for consultants offering advice on the requirements to be properly accredited. | ||
| 590 | _aIKA171006 | ||
| 650 | 2 | 4 | _aDISABILITY DISCRIMINATION ACT 1995 |
| 650 | 2 | 4 | _aDISABILITY DISCRIMINATION ACT 2005 |
| 651 | 4 |
_aUnited Kingdom _y |
|
| 690 | _aBUILT ENVIRONMENT-BUILDING MAINTENANCE AND REFURBISHMENT-BUILDING ADAPTATION | ||
| 942 | _n0 | ||
| 999 |
_c77817 _d77817 |
||